Guess the song NO HINTS #3 - Statistics

General Stats
  • This quiz has been taken 8 times
  • The average score is 200 of 442
Answer Stats
Answer % Correct
I
100%
a
86%
the
86%
The
86%
to
86%
when
86%
And
71%
and
71%
be
71%
in
71%
love
71%
love,
71%
me
71%
see
71%
where
71%
you
71%
You
71%
go
57%
if
57%
make
57%
my
57%
My
57%
she
57%
so
57%
that
57%
all
43%
don't,
43%
don't
43%
dont
43%
down
43%
every
43%
everyone
43%
feel
43%
hold
43%
know
43%
know,
43%
like
43%
look
43%
never
43%
not
43%
nothin'
43%
on
43%
should
43%
somethin'
43%
think
43%
time
43%
up
43%
want
43%
ain't
29%
at
29%
but
29%
But
29%
fell
29%
felt
29%
For
29%
for
29%
friends
29%
get
29%
heart,
29%
holdin'
29%
I'm
29%
let
29%
now
29%
oh
29%
Oh
29%
only
29%
told
29%
wanna
29%
was
29%
Was
29%
way
29%
with
29%
admit
14%
anyone
14%
baby,
14%
back
14%
been
14%
better
14%
break
14%
came
14%
'Cause
14%
cryin'
14%
didn't
14%
didnt
14%
from
14%
girl,
14%
going
14%
I'll
14%
I've
14%
likes
14%
made
14%
Maybe
14%
name
14%
own,
14%
own
14%
phone
14%
problem
14%
still
14%
them
14%
thinking
14%
tried
14%
well,
14%
what's
14%
wrong
14%
yourself
14%
broke
0%
care
0%
caught
0%
clubs
0%
fool
0%
forget
0%
goodness
0%
hated
0%
hit
0%
job,
0%
low
0%
mama
0%
movin'
0%
much
0%
opinion
0%
parade
0%
rained
0%
sake
0%
sleeping
0%
small
0%
song
0%
thinkg
0%
times
0%
using
0%
vulnerable
0%
walls?
0%
write
0%
No matching quizzes found
Score Distribution
Percent of People with Each Score
Percentile by Number Answered
Your Score History
You have not taken this quiz